000 00773 a2200181 i 4500
001 205338
003 58623
010 _a978-966-383-983-7
090 _a205338
100 _a u||y y50 zz
200 _aШлях до Аушвіцу
_eголокост на Закарпатті
_fЮрій Славік
__Шлях до Аушвіцу: голокост на Закарпатті (ч/з)
210 _d2017
_aДніпро
_cУкраїнський інститут вивчення голокосту "Ткума"
215 _a156 с.
__156
_cіл.
225 _aУкраїнська бібліотека голокосту
686 _a94(477.87)"1938/1944"
_2other
700 _aСлавік
_bЮ.
942 _2udc
_cBOOK
_j94(477.87)"1938/1944"
_z58623
999 _c58623
_d58623